Normal view
MARC view
- اعداد جامعة الزرقاء الاهليه؛ تحرير أبو عودة، عودة
Entry Personal Name
001 - CONTROL NUMBER
- control field: 48482
003 - CONTROL NUMBER IDENTIFIER
- control field: JO-AjAnu
005 - DATE AND TIME OF LATEST TRANSACTION
- control field: 20230606082009.0
008 - FIXED-LENGTH DATA ELEMENTS
- fixed length control field: 230606|| aca||aabn | a|a d
040 ## - CATALOGING SOURCE
- Original cataloging agency: JO-AjAnu
- Transcribing agency: JO-AjAnu
100 ## - HEADING--PERSONAL NAME
- Personal name: اعداد جامعة الزرقاء الاهليه؛ تحرير أبو عودة، عودة
670 ## - SOURCE DATA FOUND
- Source citation: Work cat.: (JO-AjAnu)24803: اعداد جامعة الزرقاء الاهليه؛ تحرير أبو عودة، عودة, author, التطور الثقافي في الأردن وفلسطين في القرن العشرين: مؤتمر كلية الاداب / جامعة الزرقاء الاهلية الرابع 8-9 ايار 2002